000 01229cam a2200349 i 4500
999 _c21366
_d21366
001 15973452
003 OSt
005 20200609133056.0
008 091010t20092009ii a b 001 0 eng
010 _a 2009310887
020 _a9788172734909
025 _aI-E-2009-310887; 49-91; 63-90
035 _a(IN-NdUBS) 2009310887
037 _bLibrary of Congress -- New Delhi Overseas Office
_cRs750.00
040 _aDLC
_beng
_coclc
_dDLC
_erda
042 _alcode
_apcc
043 _aa-ii---
050 0 0 _aGE199.I4
_bN47 2009
082 _a363.70954
_bNEP/E
100 _aNepal, Padam
_d1970-
_92683
245 1 0 _aEnvironmental Movements in India :
_bpolitics of dynamism and transformations /
_cPadam Nepal
260 _aDelhi :
_bAuthorspress,
_c2009, ©2009.
300 _a334 p
336 _atext
_2rdacontent
337 _aunmediated
_2rdamedia
338 _avolume
_2rdacarrier
504 _aIncludes bibliographical references (pages 301-330) and index.
650 0 _aEnvironmental sociology
_zIndia.
906 _a7
_bcbc
_corigode
_d3
_encip
_f20
_gy-gencatlg
942 _2ddc
_cBK
_h363.70954
_iNEP/E
_k363.70954
_mNEP/E